Detalles MARC
| 000 -LIDER |
| fixed length control field |
01594nam a22002537a 4500 |
| 001 - NÚMERO DE CONTROL |
| Identificador de número de control |
020045413 |
| 003 - IDENTIFICACDOR DE NÚMERO DE CONTROL |
| control field |
DO-SdBNP |
| 005 - DATE AND TIME OF LATEST TRANSACTION |
| control field |
20180219150832.0 |
| 007 - CAMPOS FIJOS DE DESCRIPCIÓN FÍSICA |
| fixed length control field |
02004541 |
| 008 - ELEMENTOS DE LONGITUD FIJA |
| fixed length control field |
161202b 2000 ck a ||||| |||| 00| 0 spa d |
| 020 ## - ISBN |
| International Standard Book Number |
0439049989 |
| 040 ## - FUENTE DE CATALOGACIÓN |
| Agencia que crea de manera original el registro |
BPMSU |
| Idioma de catalogación |
spa |
| Agencia que realiza la transcripción |
BPMSU |
| 082 ## - NÚMERO DE CLASIFICACIÓN DECIMAL DE DEWEY |
| Classification number |
xxxx |
| Item number |
xxxx |
| 100 1# - ASIENTO PRINCIPAL -- NOMBRE PERSONAL |
| Nombre personal |
Pilkey, Dav |
| 245 10 - MENCIÓN DE TITULO |
| Título |
Captain Underpants and the perilous plot of Professor Poopypants : |
| Subtítulo |
the fourth epic novel / |
| Mención de responsabilidad |
Dav Pilkey. |
| 260 ## - PUBLICACIÓN, DISTRIBUCIÓN, ETC. (PIE DE IMPRENTA) |
| Lugar de publicación, distribución, etc |
New York : |
| Nombre del editor, distribuidor, etc. |
Scholastic, |
| Fecha de publicación, distribución, etc |
2000. |
| 300 ## - DESCRIPCIÓN FÍSICA |
| Extensión |
151 p. : |
| Otros detalles físicos |
il. ; |
| Dimensiones |
21 cm. |
| 490 1# - MENCIÓN DE SERIES |
| Mención de serie |
Captain Underpants. |
| 505 ## - NOTA DE CONTENIDO |
| Título |
George and Harold -- |
| -- |
All Hail New Swissland -- |
| -- |
The Field Trip -- |
| -- |
Left Behind -- |
| -- |
The Fun Begins -- |
| -- |
Bye Bye, Mr. Fyde -- |
| -- |
Here, Oh Here -- |
| -- |
The Sweetness and Innocence of Children -- |
| -- |
The Gerbil Jogger 2000 -- |
| -- |
Just One More Thing -- |
| -- |
Captain Underpants and the Pied Pooper of Piqua -- |
| -- |
Professor P. Goes Cra-Z -- |
| -- |
Honey, I Shrunk the School -- |
| -- |
The Perilous Plot -- |
| -- |
The Name Change-O-Chart 2000 -- |
| -- |
Fluffy and Cheeseball -- |
| -- |
Captain Underpants to the Rescue -- |
| -- |
Are You There, God? It's Us, Fluffy and Cheeseball -- |
| -- |
The Flight of the Goofy Glider -- |
| -- |
X-tra, X-tra, X-tra, X-tra, X-tra, X-tra, X-tra, X-tra, X-tra Large Underpants -- |
| -- |
The Incredibly Graphic Violence Chapter (in Flip-O-Rama) -- |
| -- |
The Twenty-Second Chapter -- |
| -- |
To Make a Long Story Short -- |
| -- |
The Chapter Before the Last Chapter -- |
| -- |
The Chapter After the Chapter Before the Last Chapter. |
| 830 #0 - ASIENTO SECUNDARIO DE SERIE--TÍTULO UNIFORME |
| Título uniforme |
Captain Underpants. |
| 942 ## - ADDED ENTRY ELEMENTS (KOHA) |
| Source of classification or shelving scheme |
Dewey Decimal Classification |
| Koha item type |
Libros |
| 945 ## - INFORMACIÓN DE PROCESAMIENTO LOCAL |
| Información de procesamiento local |
Inventariado, 2018 / BT |
| 956 ## - LOCAL ELECTRONIC LOCATION AND ACCESS (OCLC) |
| Método de acceso |
LOPEREZ |
| Materiales especificados |
10 |
| Enlace |
20161202 |
| Campo enlazado y núm. de secuencia |
BPMSU |
| Nombre de host |
00041 |